[Event "4. Continental de Ajedrez de Cali"]
[Site "Santiago de Cali COL"]
[Date "2007.07.10"]
[Round "1.36"]
[White "Becerra, Juan David"]
[Black "Ripari, Marcelo"]
[Result "0-1"]
[WhiteElo "2104"]
[BlackElo "2350"]
[PlyCount "83"]
[EventDate "2007.07.11"]
[EventType "swiss"]
[EventRounds "1"]
[EventCountry "COL"]
[Source "lmi"]
[SourceDate "2007.07.11"]

1. e4 c5 2. d4 cxd4 3. c3 d3 4. Nf3 Nc6 5. Bxd3 g6 6. O-O Bg7 7. c4 d6 8. h3
Nf6 9. Nc3 Nd7 10. Be3 Nc5 11. Be2 Bxc3 12. bxc3 Nxe4 13. Qc2 Nc5 14. Bh6 Qa5
15. Nd4 Bd7 16. Bf3 Ne5 17. Bd5 Be6 18. Bg7 Rg8 19. Bxe5 dxe5 20. Nb3 Qc7 21.
Nxc5 Bxd5 22. Na6 Qxc4 23. Nb4 Be6 24. Rad1 a5 25. Qa4+ Kf8 26. Qa3 Qc5 27. Qa4
b5 28. Nd3 Qc4 29. Qa3 f6 30. Rd2 Kf7 31. Rfd1 Rgc8 32. Qb2 Rab8 33. Rc1 Bf5
34. Qb3 Be6 35. Qb2 Rd8 36. Rdd1 Rd6 37. Qa3 Rbd8 38. Nb2 Qxa2 39. Qxa2 Bxa2
40. Rxd6 Rxd6 41. Ra1 Bb3 42. Rxa5 0-1

[Event "4. Continental de Ajedrez de Cali"]
[Site "Santiago de Cali COL"]
[Date "2007.07.10"]
[Round "1.37"]
[White "Lopez, Mario Iver"]
[Black "Molina, Rafael"]
[Result "1-0"]
[WhiteElo "2345"]
[BlackElo "2101"]
[PlyCount "69"]
[EventDate "2007.07.11"]
[EventType "swiss"]
[EventRounds "1"]
[EventCountry "COL"]
[Source "lmi"]
[SourceDate "2007.07.11"]

1. e4 e5 2. Nf3 Nc6 3. Bc4 Nf6 4. d3 Bc5 5. O-O h6 6. c3 d6 7. Bb3 Bg4 8. h3
Bxf3 9. Qxf3 Qe7 10. Nd2 Nd8 11. Nc4 Ne6 12. Ne3 Ng5 13. Qe2 g6 14. Nd5 Nxd5
15. Bxd5 c6 16. Bb3 Ne6 17. a4 a5 18. g3 Ng5 19. Kg2 Qd7 20. Rh1 O-O-O 21. Rb1
f5 22. h4 Ne6 23. d4 Bb6 24. exf5 gxf5 25. dxe5 f4 26. Bxe6 f3+ 27. Qxf3 Qxe6
28. exd6 Rxd6 29. Bf4 Rf8 30. Rhe1 Qd7 31. Rbd1 Rd5 32. Rxd5 cxd5 33. Re5 Bc7
34. Rxd5 Qf7 35. Rc5 1-0

[Event "4. Continental de Ajedrez de Cali"]
[Site "Santiago de Cali COL"]
[Date "2007.07.10"]
[Round "1.38"]
[White "Alvarez, Javier"]
[Black "Zuluaga, Cesar"]
[Result "1-0"]
[WhiteElo "2100"]
[BlackElo "2339"]
[PlyCount "129"]
[EventDate "2007.07.11"]
[EventType "swiss"]
[EventRounds "1"]
[EventCountry "COL"]
[Source "lmi"]
[SourceDate "2007.07.11"]

1. e4 c5 2. Nf3 e6 3. d4 cxd4 4. Nxd4 a6 5. Bd3 Nc6 6. Nxc6 bxc6 7. Nc3 d5 8.
O-O Nf6 9. Qe2 Be7 10. Kh1 d4 11. Nb1 e5 12. Nd2 O-O 13. Nc4 Nd7 14. b3 a5 15.
a4 Bb4 16. Rb1 Re8 17. f4 exf4 18. Bxf4 Qe7 19. Qf2 Nf6 20. e5 Nd5 21. Qxd4 Bc3
22. Qf2 Nxf4 23. Qxf4 Ba6 24. Qe4 g6 25. Qxc6 Bb7 26. Qf6 Qxf6 27. Rxf6 Bxe5
28. Nxe5 Rxe5 29. Rb6 Ra7 30. Rb5 Re7 31. Rc5 Kg7 32. Kg1 h5 33. h4 Be4 34. Re1
f5 35. Bxe4 fxe4 36. Re3 Rec7 37. Rec3 Rf7 38. Re5 Rf4 39. g3 Rg4 40. Kg2 Rd7
41. Rxa5 Rd2+ 42. Kh3 e3 43. Rxe3 Rxc2 44. Re7+ Kf6 45. Rb7 Rc3 46. Ra6+ Ke5
47. Rb5+ Ke4 48. Rb4+ Kf5 49. Ra5+ Kf6 50. Rxg4 hxg4+ 51. Kxg4 Rxb3 52. Ra6+
Kg7 53. Kf4 Kh6 54. Re6 Ra3 55. Re4 Kh5 56. Rb4 Rc3 57. Rb5+ Kh6 58. a5 Rc4+
59. Ke5 Rg4 60. a6 Ra4 61. Rb6 Kh5 62. Kd6 Ra3 63. Kc7 Rxg3 64. a7 Ra3 65. Kb7
1-0

[Event "4. Continental de Ajedrez de Cali"]
[Site "Santiago de Cali COL"]
[Date "2007.07.10"]
[Round "1.39"]
[White "Nina, Miguel Angel"]
[Black "Arenas, David"]
[Result "0-1"]
[WhiteElo "2312"]
[BlackElo "2081"]
[PlyCount "96"]
[EventDate "2007.07.11"]
[EventType "swiss"]
[EventRounds "1"]
[EventCountry "COL"]
[Source "lmi"]
[SourceDate "2007.07.11"]

1. e4 c5 2. Nc3 Nc6 3. g3 g6 4. Bg2 Bg7 5. Nge2 e6 6. d3 Nge7 7. Be3 Nd4 8. O-O
O-O 9. f4 d6 10. g4 f5 11. gxf5 exf5 12. Qd2 Rb8 13. Ng3 b5 14. Rae1 b4 15. Nd1
a5 16. Kh1 Kh8 17. Bg1 a4 18. c3 Ne6 19. Rf2 d5 20. exf5 Nxf5 21. Nxf5 gxf5 22.
Rfe2 Qd6 23. Re5 bxc3 24. bxc3 Bxe5 25. Rxe5 Bb7 26. d4 cxd4 27. Qe1 Rf6 28.
cxd4 Rg8 29. Be3 Nd8 30. Bf2 Ne6 31. Qe3 Nf8 32. Bh3 Bc8 33. Bg3 Ng6 34. Qd2
Be6 35. Bf1 Rb8 36. Re1 Qb4 37. Qe3 Bf7 38. Qd3 Re6 39. Rxe6 Bxe6 40. Qe3 Re8
41. h4 Bd7 42. Qf2 Re4 43. h5 Qxd4 44. hxg6 Qxd1 45. Bh4 hxg6 46. Kg2 Qg4+ 47.
Bg3 d4 48. Bd3 Re3 0-1

[Event "4. Continental de Ajedrez de Cali"]
[Site "Santiago de Cali COL"]
[Date "2007.07.10"]
[Round "1.40"]
[White "Sierra, Julian Andres"]
[Black "Valderrama, E Gilberto"]
[Result "1/2-1/2"]
[WhiteElo "2070"]
[BlackElo "2308"]
[PlyCount "95"]
[EventDate "2007.07.11"]
[EventType "swiss"]
[EventRounds "1"]
[EventCountry "COL"]
[Source "lmi"]
[SourceDate "2007.07.11"]

1. e4 e5 2. Nf3 Nf6 3. Nc3 Nc6 4. Bc4 Nxe4 5. Bxf7+ Kxf7 6. Nxe4 d5 7. Neg5+
Kg8 8. d4 h6 9. Nh3 Bxh3 10. gxh3 exd4 11. Nxd4 Qf6 12. Ne2 Rd8 13. Bf4 Ne5 14.
Bxe5 Qxe5 15. Qd4 Re8 16. Qxe5 Rxe5 17. Kf1 Bc5 18. Nf4 Rf5 19. Nd3 Bb6 20. Re1
Kh7 21. Rg1 Rhf8 22. Re7 R8f7 23. Rxf7 Rxf7 24. Rg4 c5 25. c4 dxc4 26. Rxc4 Rf5
27. Ke2 Rh5 28. h4 Rf5 29. Ke3 a6 30. a4 Kg6 31. Ke4 Kf6 32. f4 Rh5 33. Ne5 Ke6
34. Nf3 Ba7 35. Rc2 Bb8 36. Rg2 Kf6 37. Rg4 b5 38. axb5 axb5 39. b4 cxb4 40.
Nd4 Rc5 41. Rg2 Rc4 42. Kd5 Ba7 43. Ne6 b3 44. h5 Rc2 45. Rg6+ Kf5 46. Nxg7+
Kxf4 47. Ne6+ Kf5 48. Ng7+ 1/2-1/2

[Event "4. Continental de Ajedrez de Cali"]
[Site "Santiago de Cali COL"]
[Date "2007.07.10"]
[Round "1.41"]
[White "La Rota, Fabio"]
[Black "Narvaez, Zamir"]
[Result "1-0"]
[WhiteElo "2286"]
[BlackElo "2062"]
[PlyCount "85"]
[EventDate "2007.07.11"]
[EventType "swiss"]
[EventRounds "1"]
[EventCountry "COL"]
[Source "lmi"]
[SourceDate "2007.07.11"]

1. d4 d5 2. Nf3 Nf6 3. Bf4 c6 4. e3 Bf5 5. Nbd2 Nbd7 6. Nh4 Bg4 7. f3 Bh5 8. g4
Bg6 9. Nxg6 hxg6 10. c3 e6 11. Bd3 c5 12. Qe2 Qb6 13. O-O-O Qa5 14. Kb1 c4 15.
Bc2 b5 16. e4 O-O-O 17. Nf1 b4 18. Bd2 Nb6 19. e5 Nfd7 20. Rc1 Kb7 21. Qe1 bxc3
22. Bxc3 Qb5 23. Ka1 Na4 24. Rb1 Ndb6 25. Bd2 Rc8 26. Ng3 Qc6 27. Ne2 Ka8 28.
h4 Be7 29. f4 Nd7 30. Rh3 Rb8 31. Qd1 Nab6 32. Qh1 Qb7 33. h5 gxh5 34. Rxh5 Qc8
35. f5 exf5 36. gxf5 Rxh5 37. Qxh5 Qf8 38. Nc3 Bb4 39. Rg1 Bxc3 40. Bxc3 Re8
41. a3 Qg8 42. Qg4 f6 43. e6 1-0

[Event "4. Continental de Ajedrez de Cali"]
[Site "Santiago de Cali COL"]
[Date "2007.07.10"]
[Round "1.42"]
[White "Barros, Raul"]
[Black "Salazar, Jeyksson"]
[Result "1-0"]
[WhiteElo "2056"]
[BlackElo "2286"]
[PlyCount "43"]
[EventDate "2007.07.11"]
[EventType "swiss"]
[EventRounds "1"]
[EventCountry "COL"]
[Source "lmi"]
[SourceDate "2007.07.11"]

1. Nf3 Nf6 2. d4 d5 3. Bf4 e6 4. e3 Be7 5. Bd3 c6 6. O-O O-O 7. Nbd2 Nbd7 8. h3
Re8 9. c3 Bf8 10. Re1 h6 11. Qc2 b6 12. Rac1 Bb7 13. c4 Kh8 14. a3 a6 15. cxd5
exd5 16. Ne5 Nxe5 17. Bxe5 Rc8 18. Bf5 Ra8 19. Qd1 a5 20. Qf3 Bd6 21. Bxf6 gxf6
22. Qh5 1-0

[Event "4. Continental de Ajedrez de Cali"]
[Site "Santiago de Cali COL"]
[Date "2007.07.10"]
[Round "1.43"]
[White "Gutierrez, Jose Antonio"]
[Black "Perez, Olarte Cesar Camilo"]
[Result "1-0"]
[WhiteElo "2283"]
[BlackElo "2056"]
[PlyCount "65"]
[EventDate "2007.07.11"]
[EventType "swiss"]
[EventRounds "1"]
[EventCountry "COL"]
[Source "lmi"]
[SourceDate "2007.07.11"]

1. e4 c5 2. Nf3 d6 3. d4 cxd4 4. Nxd4 Nf6 5. Nc3 a6 6. Bc4 e6 7. Bb3 b5 8. a3
Be7 9. O-O Qc7 10. f4 Nc6 11. Be3 O-O 12. Qf3 Nxd4 13. Bxd4 Bb7 14. Rae1 Rfd8
15. f5 e5 16. Bf2 Rac8 17. Rd1 Bc6 18. g4 Qb7 19. Rfe1 Ne8 20. h4 h6 21. g5
hxg5 22. Qh5 Nf6 23. Qxf7+ Kh8 24. hxg5 Rf8 25. Qe6 Rce8 26. Rd3 g6 27. fxg6
Bd7 28. g7+ Kxg7 29. gxf6+ Rxf6 30. Rg3+ Kh7 31. Qd5 Qc8 32. Qd1 Ref8 33. Nd5
1-0

[Event "4. Continental de Ajedrez de Cali"]
[Site "Santiago de Cali COL"]
[Date "2007.07.10"]
[Round "1.44"]
[White "Paez, David"]
[Black "Ortiz, Nadya Karolina"]
[Result "0-1"]
[WhiteElo "2048"]
[BlackElo "2281"]
[PlyCount "57"]
[EventDate "2007.07.11"]
[EventType "swiss"]
[EventRounds "1"]
[EventCountry "COL"]
[Source "lmi"]
[SourceDate "2007.07.11"]

1. e4 c5 2. Nf3 e6 3. c3 Nf6 4. Bd3 d6 5. O-O e5 6. h3 a6 7. Bc2 Nc6 8. d4 Qc7
9. Be3 Be7 10. Nbd2 h6 11. b3 Bd7 12. Rc1 g5 13. d5 Na7 14. Nh2 g4 15. Nxg4
Bxg4 16. hxg4 Qd7 17. f3 h5 18. g5 Nh7 19. Nc4 Qc7 20. f4 b5 21. Nb2 exf4 22.
Bxf4 O-O-O 23. Qe2 Bxg5 24. Bxg5 Nxg5 25. a4 Rdg8 26. e5 dxe5 27. Bf5+ Kb8 28.
axb5 axb5 29. Ra1 0-1

[Event "4. Continental de Ajedrez de Cali"]
[Site "Santiago de Cali COL"]
[Date "2007.07.10"]
[Round "1.46"]
[White "Naranjo, Sebastian"]
[Black "Avalos Parra, Joao"]
[Result "1-0"]
[WhiteElo "2035"]
[BlackElo "2272"]
[PlyCount "73"]
[EventDate "2007.07.11"]
[EventType "swiss"]
[EventRounds "1"]
[EventCountry "COL"]
[Source "lmi"]
[SourceDate "2007.07.11"]

1. e4 e5 2. Nf3 Nc6 3. d4 exd4 4. Nxd4 Bc5 5. Nb3 Bb4+ 6. c3 Be7 7. c4 Bf6 8.
Be2 Nge7 9. O-O d6 10. Qc2 a5 11. a4 O-O 12. Be3 Be6 13. Nc3 Nb4 14. Qd2 Bxc3
15. Qxc3 b6 16. f4 f5 17. Nd4 Bd7 18. Bf3 Rc8 19. e5 dxe5 20. fxe5 Qe8 21. b3
Ng6 22. Rae1 Qxe5 23. Bg5 Qc5 24. Be3 Qe7 25. Nb5 Qf7 26. Nxc7 Rxc7 27. Bxb6
Bc6 28. Bxa5 Na2 29. Qd2 Rcc8 30. Bb6 Qf6 31. a5 Bxf3 32. Rxf3 Ne5 33. Rfe3 Ng4
34. Re6 Qh4 35. h3 Nf6 36. Bf2 Qg5 37. Qxg5 1-0

[Event "4. Continental de Ajedrez de Cali"]
[Site "Santiago de Cali COL"]
[Date "2007.07.10"]
[Round "1.48"]
[White "Jukemura, Rodrigo"]
[Black "Ossa, Orlando"]
[Result "0-1"]
[WhiteElo "2017"]
[BlackElo "2272"]
[PlyCount "124"]
[EventDate "2007.07.11"]
[EventType "swiss"]
[EventRounds "1"]
[EventCountry "COL"]
[Source "lmi"]
[SourceDate "2007.07.11"]

1. d4 Nf6 2. c4 g6 3. Nc3 Bg7 4. e4 d6 5. Be2 O-O 6. Bg5 c5 7. d5 b5 8. cxb5 a6
9. a4 Qa5 10. f3 Nbd7 11. Nh3 axb5 12. Bxb5 Nb6 13. Nf2 Ba6 14. O-O h6 15. Bd2
Nc4 16. Bxc4 Bxc4 17. Re1 Qb6 18. Qc1 Rfb8 19. Ncd1 Ba6 20. Rb1 Qb3 21. a5 h5
22. Re3 Qb5 23. Re1 Nd7 24. b4 Bd4 25. Nc3 Qd3 26. Ne2 Bxf2+ 27. Kxf2 Ne5 28.
Nf4 Qd4+ 29. Be3 Qc4 30. Qxc4 Bxc4 31. h4 Rxb4 32. Rxb4 cxb4 33. Bb6 Ba2 34.
Kg3 b3 35. Ne2 Nc4 36. Nc3 Nxa5 37. Bxa5 Rxa5 38. Re2 Kg7 39. Rb2 Kf6 40. Kf4
Ra8 41. g3 Kg7 42. Ke3 e6 43. Nb5 exd5 44. exd5 Ra5 45. Nc3 Kf6 46. Ke4 Ra8 47.
Kf4 Ra6 48. Ne4+ Ke7 49. Nc3 Ra5 50. Ke4 Kd7 51. Ne2 Rc5 52. Nd4 Rc3 53. g4
hxg4 54. fxg4 Rh3 55. Nf3 f6 56. Ke3 Kc7 57. Kf2 Rh1 58. Nd2 Rxh4 59. Kg3 Rh8
60. Nxb3 Ra8 61. Kf4 Ra4+ 62. Kf3 Ra3 0-1

[Event "4. Continental de Ajedrez de Cali"]
[Site "Santiago de Cali COL"]
[Date "2007.07.10"]
[Round "1.50"]
[White "Rodriguez Montoya, Juan Andres"]
[Black "Quinones, Cesar"]
[Result "0-1"]
[WhiteElo "2009"]
[BlackElo "2268"]
[PlyCount "62"]
[EventDate "2007.07.11"]
[EventType "swiss"]
[EventRounds "1"]
[EventCountry "COL"]
[Source "lmi"]
[SourceDate "2007.07.11"]

1. e4 c5 2. Nf3 d6 3. Nc3 Nc6 4. d3 g6 5. Be3 Bg7 6. g3 Nf6 7. Bg2 Ng4 8. O-O
Nxe3 9. fxe3 O-O 10. d4 cxd4 11. exd4 Bg4 12. d5 Ne5 13. h3 Nxf3+ 14. Bxf3 Bxh3
15. Rf2 Bd7 16. Bg4 Bxg4 17. Qxg4 Bd4 18. Raf1 Bxf2+ 19. Rxf2 Qb6 20. b3 Rac8
21. Na4 Qd4 22. c4 f5 23. Qe2 b5 24. cxb5 fxe4 25. Qd2 Rc1+ 26. Kg2 Rxf2+ 27.
Qxf2 e3 28. Qe2 Qe4+ 29. Qf3 Rc2+ 30. Kh3 Qxf3 31. Kh4 Qh5# 0-1

[Event "4. Continental de Ajedrez de Cali"]
[Site "Santiago de Cali COL"]
[Date "2007.07.10"]
[Round "1.51"]
[White "Cori, Jorge"]
[Black "Chaucanes, Lina Marcela"]
[Result "1-0"]
[WhiteElo "2267"]
[BlackElo "1991"]
[PlyCount "85"]
[EventDate "2007.07.11"]
[EventType "swiss"]
[EventRounds "1"]
[EventCountry "COL"]
[Source "lmi"]
[SourceDate "2007.07.11"]

1. e4 c5 2. Nf3 e6 3. d4 cxd4 4. Nxd4 Nf6 5. Bd3 a6 6. O-O Qc7 7. Be3 Be7 8. f4
d6 9. c4 Nbd7 10. Nc3 b6 11. Qe2 Bb7 12. Bf2 O-O 13. Rac1 Rfe8 14. h3 Bf8 15.
Nf3 Nc5 16. Bb1 d5 17. e5 Nfe4 18. cxd5 exd5 19. Nxe4 dxe4 20. Ng5 Qd7 21. Nxe4
Nxe4 22. Bxe4 Bxe4 23. Qxe4 Qb5 24. b3 Rad8 25. Qc6 Rd2 26. a4 Qxc6 27. Rxc6
Rb8 28. Rxb6 Rxb6 29. Bxb6 Bb4 30. Rc1 h6 31. Bc5 Bxc5+ 32. Rxc5 Rb2 33. Rc8+
Kh7 34. Rc6 Rxb3 35. Rxa6 Rb4 36. f5 Rf4 37. e6 Rxf5 38. e7 Re5 39. Ra7 f5 40.
a5 Kg6 41. a6 Kf7 42. Rb7 Ra5 43. a7 1-0

[Event "4. Continental de Ajedrez de Cali"]
[Site "Santiago de Cali COL"]
[Date "2007.07.10"]
[Round "1.52"]
[White "Buitrago, Juan Carlos"]
[Black "Sanchez M, Luis Enrique"]
[Result "1-0"]
[WhiteElo "2160"]
[BlackElo "2370"]
[PlyCount "167"]
[EventDate "2007.07.11"]
[EventType "swiss"]
[EventRounds "1"]
[EventCountry "COL"]
[Source "lmi"]
[SourceDate "2007.07.11"]

1. d4 d5 2. c4 c6 3. Nc3 Nf6 4. e3 g6 5. Nf3 Bg7 6. Bd3 O-O 7. O-O Bg4 8. h3
Be6 9. Qb3 b6 10. Ng5 Bf5 11. Bxf5 gxf5 12. Bd2 e6 13. f4 Nbd7 14. Rac1 h6 15.
Nf3 Ne4 16. Nxe4 dxe4 17. Ne5 Nxe5 18. fxe5 Bxe5 19. Bb4 Bd6 20. c5 bxc5 21.
Bxc5 Rb8 22. Qa3 Bxc5 23. Rxc5 Qb6 24. b3 Qc7 25. Qc1 Rb6 26. Rf4 Rd8 27. g4
fxg4 28. Rxg4+ Kh7 29. Rh5 f5 30. Rg2 Rg8 31. Rxh6+ Kxh6 32. Rxg8 Qf7 33. Rg2
Rb8 34. Qe1 Qf6 35. Qf2 Kh7 36. Qf4 Rb7 37. Rg5 Rg7 38. Qh4+ Kg8 39. Rxg7+ Kxg7
40. Qg3+ Qg6 41. Kf2 Qxg3+ 42. Kxg3 Kg6 43. b4 Kg5 44. a3 a6 45. a4 Kh5 46. h4
Kg6 47. Kf4 Kh5 48. Kg3 Kg6 49. Kf4 Kh6 50. Kg3 Kh5 51. Kh3 Kg6 52. Kg3 Kg7 53.
Kf4 Kf6 54. Kg3 Kg6 55. Kf4 Kh5 56. Kg3 Kg6 57. Kf4 Kf7 58. Ke5 Kg6 59. Kf4 Kh6
60. Kg3 Kg7 61. Kf4 Kh6 62. Kg3 Kg7 63. Kf4 Kf6 64. Kg3 Kf7 65. Kf4 Ke7 66. d5
cxd5 67. Ke5 f4 68. Kxf4 Kf6 69. b5 e5+ 70. Kg4 axb5 71. axb5 Ke6 72. b6 Kd6
73. b7 Kc7 74. b8=Q+ Kxb8 75. h5 Kc7 76. h6 Kd6 77. h7 d4 78. exd4 exd4 79.
h8=Q Kd5 80. Qd8+ Ke5 81. Qa5+ Ke6 82. Kf4 e3 83. Qe5+ Kd7 84. Qxd4+ 1-0

[Event "4. Continental de Ajedrez de Cali"]
[Site "Santiago de Cali COL"]
[Date "2007.07.11"]
[Round "2.3"]
[White "Hungaski, Robert Andrew"]
[Black "Vescovi, Giovanni P"]
[Result "0-1"]
[WhiteElo "2399"]
[BlackElo "2609"]
[PlyCount "64"]
[EventDate "2007.07.11"]
[EventType "swiss"]
[EventRounds "1"]
[EventCountry "COL"]
[Source "lmi"]
[SourceDate "2007.07.11"]

1. e4 e5 2. Nf3 Nc6 3. Bb5 a6 4. Ba4 Nf6 5. O-O Be7 6. Re1 b5 7. Bb3 O-O 8. d4
d6 9. c3 Bg4 10. d5 Na5 11. Bc2 Qc8 12. h3 Bd7 13. Nbd2 c6 14. dxc6 Qxc6 15.
Nf1 Rfe8 16. Qe2 Be6 17. Ng3 Bf8 18. Bg5 Nd7 19. Nf5 Nc4 20. Bc1 Bxf5 21. exf5
d5 22. a4 b4 23. b3 Na3 24. Bxa3 bxa3 25. c4 Rac8 26. Rec1 e4 27. cxd5 Qxd5 28.
Nd2 e3 29. fxe3 Rxe3 30. Qxa6 Rxc2 31. Rxc2 Qd4 32. Kh2 Qe5+ 0-1

[Event "4. Continental de Ajedrez de Cali"]
[Site "Santiago de Cali COL"]
[Date "2007.07.11"]
[Round "2.5"]
[White "Alzate, Dario"]
[Black "Gulko, Boris"]
[Result "1/2-1/2"]
[WhiteElo "2392"]
[BlackElo "2576"]
[PlyCount "45"]
[EventDate "2007.07.11"]
[EventType "swiss"]
[EventRounds "1"]
[EventCountry "COL"]
[Source "lmi"]
[SourceDate "2007.07.11"]

1. d4 Nf6 2. Nf3 e6 3. Bg5 c5 4. e3 cxd4 5. exd4 Be7 6. Bd3 b6 7. Nc3 Bb7 8.
Qe2 Nc6 9. a3 h6 10. Bf4 g5 11. Be3 Rc8 12. d5 Na5 13. Bd4 Rxc3 14. Bxc3 Bxd5
15. O-O Qc7 16. Nd4 Kf8 17. Rfe1 Nc6 18. Nb5 Qf4 19. Bxf6 Bxf6 20. c4 Bxg2 21.
Kxg2 Ne5 22. Kh1 Ke7 23. Rad1 1/2-1/2

[Event "4. Continental de Ajedrez de Cali"]
[Site "Santiago de Cali COL"]
[Date "2007.07.11"]
[Round "2.8"]
[White "Gamboa, Nelson"]
[Black "Rodriguez Vila, Andres"]
[Result "0-1"]
[WhiteElo "2386"]
[BlackElo "2547"]
[PlyCount "83"]
[EventDate "2007.07.11"]
[EventType "swiss"]
[EventRounds "1"]
[EventCountry "COL"]
[Source "lmi"]
[SourceDate "2007.07.11"]

1. d4 f5 2. c4 Nf6 3. Nf3 g6 4. g3 Bg7 5. Bg2 O-O 6. O-O d6 7. Nc3 Nc6 8. b3
Qe8 9. Bb2 e5 10. d5 Nd8 11. b4 Nf7 12. Rc1 Qe7 13. a4 a5 14. bxa5 Rxa5 15. Ba3
b6 16. Bb4 Ra6 17. Nd2 Bd7 18. Nb5 Rfa8 19. Qb3 e4 20. Nb1 Bxb5 21. axb5 R6a7
22. f4 Nd8 23. Na3 Nb7 24. h3 Nc5 25. Qe3 Ra4 26. Nc2 Nfd7 27. g4 Qf6 28. gxf5
gxf5 29. Qg3 Qg6 30. Qe3 Qf6 31. Qg3 Kf7 32. Kh1 Rg8 33. Rb1 Ra2 34. Rbc1 Bh8
35. Qf2 Nb3 36. Rb1 Rxc2 37. Rxb3 Qd4 38. Qxd4 Bxd4 39. Re1 Nf6 40. h4 Rg4 41.
Bh3 Rxh4 42. Kg2 0-1

[Event "4. Continental de Ajedrez de Cali"]
[Site "Santiago de Cali COL"]
[Date "2007.07.11"]
[Round "2.10"]
[White "Fier, Alexander"]
[Black "Lopez, Mario Iver"]
[Result "1/2-1/2"]
[WhiteElo "2527"]
[BlackElo "2345"]
[PlyCount "70"]
[EventDate "2007.07.11"]
[EventType "swiss"]
[EventRounds "1"]
[EventCountry "COL"]
[Source "lmi"]
[SourceDate "2007.07.11"]

1. e4 c5 2. Nf3 Nc6 3. d4 cxd4 4. Nxd4 Nf6 5. Nc3 e5 6. Ndb5 d6 7. Bg5 a6 8.
Na3 b5 9. Bxf6 gxf6 10. Nd5 f5 11. Bd3 Be6 12. O-O Bxd5 13. exd5 Ne7 14. Re1
Bg7 15. c3 O-O 16. Qh5 e4 17. Bf1 Re8 18. Nc2 Nxd5 19. Qxf5 Re5 20. Qg4 f5 21.
Qd1 Qb6 22. a4 Rc8 23. axb5 axb5 24. Nd4 Nc7 25. Qb3+ Kh8 26. Qa2 Rd5 27. Ne6
Rd2 28. Re2 Rxe2 29. Bxe2 Be5 30. Nxc7 Qxc7 31. Bxb5 e3 32. f3 Qg7 33. f4 Bxf4
34. Qe6 Rg8 35. Bc6 Bxh2+ 1/2-1/2

[Event "4. Continental de Ajedrez de Cali"]
[Site "Santiago de Cali COL"]
[Date "2007.07.11"]
[Round "2.11"]
[White "La Rota, Fabio"]
[Black "Zambrana, Oswaldo"]
[Result "0-1"]
[WhiteElo "2286"]
[BlackElo "2511"]
[PlyCount "54"]
[EventDate "2007.07.11"]
[EventType "swiss"]
[EventRounds "1"]
[EventCountry "COL"]
[Source "lmi"]
[SourceDate "2007.07.11"]

1. e4 c5 2. Nc3 Nc6 3. g3 g6 4. Bg2 Bg7 5. d3 d6 6. Be3 e5 7. Qd2 Nge7 8. f4
Nd4 9. Nd1 O-O 10. c3 Ne6 11. Nf3 exf4 12. gxf4 f5 13. Ng5 Nxg5 14. fxg5 fxe4
15. dxe4 Be6 16. Nf2 Nc6 17. Bf4 Ne5 18. Bxe5 Bxe5 19. Nd3 Bg7 20. h4 Bg4 21.
Rf1 Qa5 22. Rf4 Rxf4 23. Nxf4 Be5 24. Nd5 Rf8 25. Qd3 Kg7 26. Qe3 Qb5 27. b3
Bg3+ 0-1

[Event "4. Continental de Ajedrez de Cali"]
[Site "Santiago de Cali COL"]
[Date "2007.07.11"]
[Round "2.13"]
[White "Ortiz, Nadya Karolina"]
[Black "Matsuura, Everaldo"]
[Result "1/2-1/2"]
[WhiteElo "2281"]
[BlackElo "2505"]
[PlyCount "105"]
[EventDate "2007.07.11"]
[EventType "swiss"]
[EventRounds "1"]
[EventCountry "COL"]
[Source "lmi"]
[SourceDate "2007.07.11"]

1. e4 e5 2. Nf3 Nc6 3. Bb5 a6 4. Ba4 Nf6 5. d3 b5 6. Bb3 Be7 7. c3 d6 8. h3 O-O
9. O-O Na5 10. Bc2 c5 11. d4 Qc7 12. Nbd2 cxd4 13. cxd4 Bb7 14. Re1 Rac8 15.
Bd3 Rfe8 16. d5 Nd7 17. Nf1 f5 18. Bg5 Nf6 19. Rc1 Qd7 20. Bxf6 Bxf6 21. Ne3 f4
22. Nf1 Rxc1 23. Qxc1 Rc8 24. Qb1 Nc4 25. N3d2 Nxd2 26. Nxd2 g6 27. Be2 h5 28.
Rc1 Qd8 29. b4 Qb6 30. Nf3 Kf7 31. Rc2 Qd8 32. Ne1 Qd7 33. Qc1 Bd8 34. a3 Bb6
35. Nf3 Kf6 36. h4 Rxc2 37. Qxc2 Qc7 38. Qxc7 Bxc7 39. Ne1 Bc8 40. Kh2 Bb6 41.
Nd3 Kg7 42. g3 fxg3+ 43. fxg3 Kh6 44. Kg2 g5 45. Ne1 Kg6 46. Nf3 Bg4 47. Bd1
Bd8 48. a4 bxa4 49. Bxa4 Bxf3+ 50. Kxf3 gxh4 51. gxh4 Bxh4 52. Bd7 Be1 53. Bc8
1/2-1/2

[Event "4. Continental de Ajedrez de Cali"]
[Site "Santiago de Cali COL"]
[Date "2007.07.11"]
[Round "2.15"]
[White "Ossa, Orlando"]
[Black "Cordova, Emilio"]
[Result "0-1"]
[WhiteElo "2272"]
[BlackElo "2492"]
[PlyCount "54"]
[EventDate "2007.07.11"]
[EventType "swiss"]
[EventRounds "1"]
[EventCountry "COL"]
[Source "lmi"]
[SourceDate "2007.07.11"]

1. e4 c5 2. c3 d5 3. exd5 Qxd5 4. d4 Nc6 5. Nf3 Bg4 6. Be2 cxd4 7. cxd4 e6 8.
O-O Nf6 9. Nc3 Qd6 10. a3 Be7 11. Qb3 O-O 12. Rd1 Rfd8 13. Bg5 Nd5 14. Ne4 Qc7
15. h3 Bh5 16. Rac1 Bxg5 17. Nexg5 h6 18. Ne4 Qf4 19. Qxb7 Qxe4 20. Bd3 Qf4 21.
Qxc6 Bxf3 22. gxf3 Rab8 23. Qc2 Qh4 24. Bf1 Nf4 25. b4 Rd5 26. Rd2 Rg5+ 27. Kh2
Nxh3 0-1

[Event "4. Continental de Ajedrez de Cali"]
[Site "Santiago de Cali COL"]
[Date "2007.07.11"]
[Round "2.16"]
[White "Leon Hoyos, Manuel"]
[Black "Cabrera Huaman, Andres"]
[Result "1-0"]
[WhiteElo "2484"]
[BlackElo "2268"]
[PlyCount "45"]
[EventDate "2007.07.11"]
[EventType "swiss"]
[EventRounds "1"]
[EventCountry "COL"]
[Source "lmi"]
[SourceDate "2007.07.11"]

1. e4 e6 2. d4 d5 3. Nd2 Nf6 4. e5 Nfd7 5. Bd3 c5 6. c3 Nc6 7. Ne2 Qb6 8. Nf3
f6 9. Nf4 cxd4 10. Nxd4 Nxd4 11. cxd4 Bb4+ 12. Kf1 g6 13. Qg4 Nf8 14. exf6 Kf7
15. Qg5 Qxd4 16. Be3 Qxb2 17. Rb1 Qc3 18. Rc1 Qa3 19. Rc7+ Bd7 20. Rxd7+ Nxd7
21. Bxg6+ hxg6 22. Qxg6+ Kf8 23. Nxe6# 1-0

[Event "4. Continental de Ajedrez de Cali"]
[Site "Santiago de Cali COL"]
[Date "2007.07.11"]
[Round "2.18"]
[White "Lima, Darcy"]
[Black "Cori, Jorge"]
[Result "1/2-1/2"]
[WhiteElo "2463"]
[BlackElo "2267"]
[PlyCount "124"]
[EventDate "2007.07.11"]
[EventType "swiss"]
[EventRounds "1"]
[EventCountry "COL"]
[Source "lmi"]
[SourceDate "2007.07.11"]

1. d4 Nf6 2. g3 g6 3. Bg2 Bg7 4. e4 d6 5. Ne2 O-O 6. Nbc3 e5 7. h3 Nc6 8. Be3
b6 9. O-O Ba6 10. Re1 Re8 11. Qd2 Qd7 12. d5 Na5 13. b3 Rf8 14. f4 exf4 15.
gxf4 Nh5 16. Bd4 Bh6 17. Be3 Rae8 18. Nd4 Bg7 19. Rad1 Qd8 20. Qf2 Bf6 21. Qf3
Bh4 22. Bf2 Qf6 23. Nce2 Nb7 24. b4 Bxf2+ 25. Qxf2 Bxe2 26. Nxe2 a5 27. c3 Ra8
28. a3 axb4 29. axb4 Ra2 30. Qe3 Re8 31. Rd2 Ra3 32. Rf1 Qe7 33. Nd4 Nd8 34.
Nb5 Ra4 35. Qd3 Qd7 36. Kh2 f6 37. Qc4 Nf7 38. Qc6 Qxc6 39. dxc6 Re7 40. Rff2
Ra1 41. f5 Ne5 42. Nd4 Ra3 43. Nb5 Ra1 44. Ra2 Rxa2 45. Rxa2 Nxc6 46. Ra8+ Kf7
47. Rc8 Nf4 48. fxg6+ hxg6 49. Nxd6+ cxd6 50. Rxc6 Ke6 51. Bf1 Rb7 52. Ba6 Rb8
53. Rc7 d5 54. exd5+ Kxd5 55. Kg3 g5 56. h4 Ne6 57. Rd7+ Kc6 58. Rf7 gxh4+ 59.
Kxh4 Rf8 60. Rxf8 Nxf8 61. Kg4 Ne6 62. Bc8 Nc7 1/2-1/2